Last attempt to ditch directive (Record no. 68683)
[ view plain ]
| 000 -LEADER | |
|---|---|
| fixed length control field | 01155cam a2200229 4500 |
| 001 - CONTROL NUMBER | |
| control field | WB3740-03 |
| 008 - FIXED-LENGTH DATA ELEMENTS--GENERAL INFORMATION | |
| fixed length control field | 011025n2001 000 0 eng u |
| 035 ## - SYSTEM CONTROL NUMBER | |
| System control number | (Sirsi) u115324 |
| 245 ## - TITLE STATEMENT | |
| Title | Last attempt to ditch directive |
| 260 ## - PUBLICATION, DISTRIBUTION, ETC. | |
| Date of publication, distribution, etc. | 2001 |
| 490 ## - SERIES STATEMENT | |
| Series statement | Construction News |
| Volume/sequential designation | (6739) 25 October 2001, 19(1) |
| 520 ## - SUMMARY, ETC. | |
| Summary, etc. | Safety experts consider that the potential impact of forthcoming vibration regulations can be lessened by driving the machinery slower, thus reducing vibration. Another suggestion is fitting speed limiters on the plant. In its present form, the "Physical Agents (Vibration)" directive, currently in its final stages would demand huge decreases in the the amount of hours a plant operator spends in the cab. Industry bodies are lobbying Brussels in a last attempt to raise the proposed level of 'whole body vibration' to 1.15 ms 2 from 0.8 ms 2. |
| 590 ## - LOCAL NOTE (RLIN) | |
| Local note | WB |
| 650 ## - SUBJECT ADDED ENTRY--TOPICAL TERM | |
| Topical term or geographic name entry element | PLANT AND MACHINERY |
| 650 ## - SUBJECT ADDED ENTRY--TOPICAL TERM | |
| Topical term or geographic name entry element | PLANT OPERATORS |
| 650 ## - SUBJECT ADDED ENTRY--TOPICAL TERM | |
| Topical term or geographic name entry element | PHYSICAL AGENTS (VIBRATION) DIRECTIVE |
| 650 ## - SUBJECT ADDED ENTRY--TOPICAL TERM | |
| Topical term or geographic name entry element | SPEED LIMITERS |
| 650 ## - SUBJECT ADDED ENTRY--TOPICAL TERM | |
| Topical term or geographic name entry element | VIBRATIONS |
| 650 ## - SUBJECT ADDED ENTRY--TOPICAL TERM | |
| Topical term or geographic name entry element | REGULATIONS |
| 690 ## - LOCAL SUBJECT ADDED ENTRY--TOPICAL TERM (OCLC, RLIN) | |
| Topical term or geographic name as entry element | BUILT ENVIRONMENT-BUILDING STANDARDS |
| 942 ## - ADDED ENTRY ELEMENTS (KOHA) | |
| Suppress in OPAC | 0 |
| Withdrawn status | Lost status | Source of classification or shelving scheme | Damaged status | Not for loan | Home library | Current library | Shelving location | Date acquired | Total Checkouts | Full call number | Barcode | Date last seen | Copy number | Price effective from | Koha item type |
|---|---|---|---|---|---|---|---|---|---|---|---|---|---|---|---|
| Dewey Decimal Classification | London | London | News article | 25/10/2001 | WB3740-03 | 115324-1001 | 06/08/2019 | 1 | 06/08/2019 | News article |